[Event "Mercredi 2013.02.20 ABCD"]
[Site "Montreal"]
[Date "2013.02.20"]
[Round "1"]
[White "Cloutier, Mathieu"]
[Black "Rondon, Luciano"]
[Result "1-0"]
[WhiteElo "2021"]
[BlackElo "1930"]
[PlyCount "55"]
[EventDate "2013.02.20"]
[EventRounds "5"]
[EventCountry "CAN"]
[SourceDate "2005.09.12"]

1. e4 c5 2. Nf3 e6 3. d4 cxd4 4. Nxd4 d6 5. Nc3 Nf6 6. g4 h6 7. Rg1 Be7 8. g5
hxg5 9. Bxg5 Rxh2 10. Bb5+ Kf8 11. Qf3 e5 12. Nf5 Bxf5 13. exf5 Nc6 14. Bxc6
bxc6 15. O-O-O Qb6 16. Rh1 Rxh1 17. Rxh1 Rb8 18. b3 Ng8 19. Be3 Qa6 20. Rh8 d5
21. Qg2 Qa3+ 22. Kd1 Bf6 23. Na4 d4 24. Bh6 Qxa2 25. Qxc6 Qb1+ 26. Kd2 Rd8 27.
Qxf6 Rc8 28. Rxg8+ 1-0

[Event "Mercredi 2013.02.20 ABCD"]
[Site "Montreal"]
[Date "2013.02.20"]
[Round "1"]
[White "Weston, Paul"]
[Black "Gilniat, Goeffrey"]
[Result "1-0"]
[WhiteElo "2020"]
[BlackElo "1966"]
[PlyCount "73"]
[EventDate "2013.02.20"]
[EventRounds "5"]
[EventCountry "CAN"]
[SourceDate "2005.09.12"]

1. f4 d6 2. Nf3 Nf6 3. e3 g6 4. b3 Bg7 5. Bb2 c6 6. Be2 Bg4 7. O-O Nbd7 8. c4
O-O 9. h3 Bxf3 10. Bxf3 e5 11. fxe5 dxe5 12. Nc3 Re8 13. d4 Qe7 14. d5 e4 15.
Be2 Rad8 16. d6 Qe5 17. Qd2 Re6 18. Rad1 Qg3 19. Na4 c5 20. b4 cxb4 21. c5 Rc8
22. Bc4 Ree8 23. Bxf6 Bxf6 24. Rxf6 Nxf6 25. d7 Nxd7 26. Qxd7 Qxe3+ 27. Kh1 Rf8
28. Bxf7+ Rxf7 29. Qxc8+ Kg7 30. Qe8 Qe2 31. Qe5+ Kh6 32. Nb2 Rf2 33. Qg3 Qxb2
34. Rd7 Rf5 35. Qh4+ Rh5 36. Qf4+ Rg5 37. Qf8+ 1-0

[Event "Mercredi 2013.02.20 ABCD"]
[Site "Montreal"]
[Date "2013.02.27"]
[Round "2"]
[White "Gilniat, Goeffrey"]
[Black "Lopez Linares, Lizandro"]
[Result "0-1"]
[WhiteElo "1966"]
[BlackElo "2015"]
[PlyCount "94"]
[EventDate "2013.02.20"]
[EventRounds "5"]
[EventCountry "CAN"]
[SourceDate "2005.09.12"]

1. e4 c6 2. d4 d5 3. e5 Bf5 4. g4 Bd7 5. Bg2 e6 6. Bf4 Qb6 7. b3 c5 8. Ne2 Nc6
9. c3 cxd4 10. cxd4 Bb4+ 11. Kf1 Rc8 12. a3 Be7 13. Nd2 f6 14. Nf3 Na5 15. b4
Nc4 16. exf6 Nxf6 17. h3 O-O 18. Ne5 Be8 19. Kg1 Nd7 20. Nxc4 Rxc4 21. Rc1 Qc6
22. Kh2 b5 23. Re1 Rxf4 24. Rxc4 bxc4 25. Nxf4 Bd6 26. Qf3 Qc7 27. Rxe6 Bxf4+
28. Kg1 Bf7 29. Re7 g5 30. Rxf7 Kxf7 31. Qxd5+ Kg7 32. Qe6 Nf6 33. Be4 Nxe4 34.
Qxe4 c3 35. Qc2 Qc4 36. d5 Be5 37. Qf5 Bf6 38. Qd7+ Kh6 39. Qf5 Qd4 40. Qc8
Qd1+ 41. Kg2 Qxd5+ 42. Kg1 Qd6 43. Qf5 Bd4 44. Qf7 Qg3+ 45. Kh1 Qxh3+ 46. Kg1
Qxg4+ 47. Kh1 Qh4+ 0-1

[Event "Mercredi 2013.02.20 ABCD"]
[Site "Montreal"]
[Date "2013.02.27"]
[Round "2"]
[White "Rondon, Luciano"]
[Black "Dumouchel, Alain"]
[Result "1-0"]
[WhiteElo "2015"]
[BlackElo "1975"]
[PlyCount "79"]
[EventDate "2013.02.20"]
[EventRounds "5"]
[EventCountry "CAN"]
[SourceDate "2005.09.12"]

1. d4 d5 2. Nf3 Nf6 3. c4 e6 4. Nc3 Be7 5. Bg5 h6 6. Bh4 O-O 7. e3 Ne4 8. Bxe7
Qxe7 9. Rc1 c6 10. Bd3 Nxc3 11. Rxc3 Nd7 12. cxd5 exd5 13. O-O Nf6 14. Ne5 Nd7
15. Nf3 Nf6 16. h3 Ne4 17. Rc1 Bf5 18. Qc2 Rfe8 19. a4 Rad8 20. Ne5 f6 21. Nf3
Qd7 22. Kh2 g5 23. Nd2 h5 24. Nxe4 dxe4 25. Be2 Kg7 26. Rfd1 Qf7 27. Qc5 Bc8
28. Qxa7 g4 29. h4 g3+ 30. fxg3 Kh6 31. Rc5 f5 32. Rxc6+ Kg7 33. Rc3 Qg6 34.
Rdc1 Kh8 35. a5 Rg8 36. g4 Qd6+ 37. g3 hxg4 38. Qc5 Qb8 39. Qc7 Qa7 40. Qe5+
1-0

[Event "Mercredi 2013.02.20 ABCD"]
[Site "Montreal"]
[Date "2013.02.27"]
[Round "2"]
[White "Cloutier, Mathieu"]
[Black "Weston, Paul"]
[Result "1/2-1/2"]
[WhiteElo "2021"]
[BlackElo "2020"]
[PlyCount "118"]
[EventDate "2013.02.20"]
[EventRounds "5"]
[EventCountry "CAN"]
[SourceDate "2005.09.12"]

1. e4 e5 2. Nf3 Nc6 3. Bb5 a6 4. Ba4 Nf6 5. O-O Be7 6. Re1 b5 7. Bb3 O-O 8. h3
d6 9. c3 Na5 10. Bc2 Bb7 11. d4 Nc4 12. b3 Nb6 13. dxe5 dxe5 14. Qxd8 Raxd8 15.
Nxe5 Nxe4 16. Nf3 f5 17. Nd4 Bc5 18. Bxe4 Bxe4 19. Ne6 Bxb1 20. Nxd8 Bc2 21.
Bg5 Ba3 22. Ne6 Rc8 23. Nd4 Be4 24. f3 c5 25. fxe4 cxd4 26. cxd4 Bb2 27. Rad1
h6 28. Bf4 fxe4 29. Rxe4 Nd5 30. Bd2 Nf6 31. Re2 Bxd4+ 32. Be3 Bc3 33. Bd4 Rd8
34. Bxc3 Rxd1+ 35. Kf2 Kf7 36. Bb4 Rd7 37. Re5 g6 38. Re2 h5 39. Bc3 Re7 40.
Rxe7+ Kxe7 41. Bd4 Nd5 42. Kf3 Ke6 43. Ke4 a5 44. a3 Kd6 45. g3 a4 46. bxa4
bxa4 47. Bg7 Ke6 48. Bd4 Ne7 49. Kf4 Nc6 50. Bc3 Ne7 51. Ke4 Nf5 52. g4 hxg4
53. hxg4 Nd6+ 54. Kf4 g5+ 55. Kf3 Nc4 56. Bb4 Ne5+ 57. Kg3 Nc6 58. Bd2 Ne5 59.
Bxg5 Nxg4 1/2-1/2

[Event "Mercredi 2013.02.20 ABCD"]
[Site "Montreal"]
[Date "2013.03.06"]
[Round "3"]
[White "Weston, Paul"]
[Black "Rondon, Luciano"]
[Result "1-0"]
[WhiteElo "2020"]
[BlackElo "1930"]
[PlyCount "79"]
[EventDate "2013.02.20"]
[EventRounds "5"]
[EventCountry "CAN"]
[SourceDate "2005.09.12"]

1. e4 c5 2. Nf3 e6 3. d4 cxd4 4. Nxd4 d6 5. Nc3 Nf6 6. Be2 Be7 7. Be3 Nc6 8.
O-O O-O 9. f4 e5 10. Nxc6 bxc6 11. fxe5 dxe5 12. Qxd8 Rxd8 13. Rad1 Be6 14. Bf3
Nd7 15. Na4 Nb6 16. Rxd8+ Rxd8 17. Nxb6 axb6 18. Bxb6 Rb8 19. Bc7 Rxb2 20. a4
Bc5+ 21. Kh1 Bd4 22. h3 f6 23. a5 Bc4 24. Rc1 Rb7 25. Bb6 Bc3 26. Rd1 Kf7 27.
Bg4 Be6 28. Rd6 Bxg4 29. hxg4 Be1 30. Rxc6 Rd7 31. Rc7 Ke6 32. Rxd7 Kxd7 33. a6
Kc6 34. a7 Kb7 35. Kg1 Bc3 36. Kf2 Bd4+ 37. Bxd4 exd4 38. Ke2 Kxa7 39. Kd3 Kb6
40. Kxd4 1-0

[Event "Mercredi 2013.02.20 ABCD"]
[Site "Montreal"]
[Date "2013.03.06"]
[Round "3"]
[White "Dumouchel, Alain"]
[Black "Gilniat, Goeffrey"]
[Result "0-1"]
[WhiteElo "1975"]
[BlackElo "1966"]
[PlyCount "64"]
[EventDate "2013.02.20"]
[EventRounds "5"]
[EventCountry "CAN"]
[SourceDate "2005.09.12"]

1. e4 d6 2. d4 Nf6 3. Nc3 g6 4. Nf3 Bg7 5. h3 c5 6. Be3 cxd4 7. Nxd4 Bd7 8. Be2
Nc6 9. O-O a6 10. f4 O-O 11. Bf3 Rc8 12. Kh1 Nxd4 13. Bxd4 Bc6 14. Qe1 e6 15.
Rd1 Qe7 16. Qe3 Rfd8 17. Bb6 Rd7 18. a4 Ne8 19. Rd3 Nc7 20. e5 d5 21. Bc5 Qh4
22. Kh2 Bh6 23. g3 Qd8 24. Rfd1 Bf8 25. b4 Bxc5 26. bxc5 Ne8 27. Rd4 Qa5 28. f5
Qxc5 29. fxe6 fxe6 30. Bg4 Ng7 31. R1d2 Rf7 32. Qg1 Qxc3 0-1

[Event "Mercredi 2013.02.20 ABCD"]
[Site "Montreal"]
[Date "2013.03.06"]
[Round "3"]
[White "Lopez Linares, Lizandro"]
[Black "Cloutier, Mathieu"]
[Result "0-1"]
[WhiteElo "2015"]
[BlackElo "2021"]
[PlyCount "87"]
[EventDate "2013.02.20"]
[EventRounds "5"]
[EventCountry "CAN"]
[SourceDate "2005.09.12"]

1. d4 Nf6 2. c4 c5 3. d5 e6 4. Nc3 exd5 5. cxd5 d6 6. e4 g6 7. Nge2 Bg7 8. Ng3
h5 9. Be2 h4 10. Nf1 h3 11. g3 Nbd7 12. Bg5 a6 13. a4 Qa5 14. Nd2 Nh7 15. Bf4
Ne5 16. O-O Qc7 17. a5 Nf8 18. Bxe5 Bxe5 19. Nc4 Bd4 20. Nb6 Rb8 21. Nxc8 Rxc8
22. Bg4 Rd8 23. Kh1 g5 24. Qd2 Qe7 25. Rae1 Ng6 26. e5 dxe5 27. Bf5 Qf6 28. Be4
Kf8 29. Ne2 Ne7 30. f4 exf4 31. Nxd4 cxd4 32. gxf4 g4 33. Rd1 Nf5 34. Bxf5 Qxf5
35. Qxd4 Rh5 36. d6 Qc5 37. Rf2 Qxd4 38. Rxd4 Rxa5 39. Rd1 Rxd6 40. Re1 Rad5
41. Kg1 f5 42. Rfe2 Rd1 43. Kf2 Rxe1 44. Kxe1 0-1

[Event "Mercredi 2013.02.20 ABCD"]
[Site "Montreal"]
[Date "2013.03.13"]
[Round "4"]
[White "Cloutier, Mathieu"]
[Black "Dumouchel, Alain"]
[Result "1-0"]
[WhiteElo "2021"]
[BlackElo "1975"]
[PlyCount "49"]
[EventDate "2013.02.20"]
[EventRounds "5"]
[EventCountry "CAN"]
[SourceDate "2005.09.12"]

1. e4 e5 2. Nf3 Nc6 3. Bb5 f5 4. Nc3 fxe4 5. Nxe4 Nf6 6. Qe2 d5 7. Nxf6+ gxf6
8. d4 Bg7 9. Bxc6+ bxc6 10. dxe5 O-O 11. e6 Re8 12. O-O Bxe6 13. Nd4 Qd6 14.
Nxe6 Rxe6 15. Qf3 Rae8 16. Bf4 Qb4 17. h3 f5 18. Rad1 Re2 19. Be3 Rxc2 20. Qxf5
Qe4 21. Qd7 Qg6 22. Rde1 Bc3 23. Bd2 Be5 24. Bf4 Bxf4 25. Rxe8+ 1-0

[Event "Mercredi 2013.02.20 ABCD"]
[Site "Montreal"]
[Date "2013.03.13"]
[Round "4"]
[White "Weston, Paul"]
[Black "Lopez Linares, Lizandro"]
[Result "1/2-1/2"]
[WhiteElo "2020"]
[BlackElo "2015"]
[PlyCount "90"]
[EventDate "2013.02.20"]
[EventRounds "5"]
[EventCountry "CAN"]
[SourceDate "2005.09.12"]

1. e4 c6 2. d4 d5 3. e5 Bf5 4. Nf3 e6 5. Be2 Nd7 6. O-O Rc8 7. c3 c5 8. Be3 Qc7
9. dxc5 Bxc5 10. Bxc5 Qxc5 11. Qd4 Ne7 12. Qxc5 Rxc5 13. Nbd2 O-O 14. Nb3 Rc7
15. Bb5 Nc5 16. Nxc5 Rxc5 17. Nd4 Rfc8 18. f4 Be4 19. g4 g6 20. Rf2 a6 21. Ba4
b5 22. Bc2 Bxc2 23. Nxc2 Rc4 24. a3 Nc6 25. Nb4 a5 26. Nxc6 R8xc6 27. Rd1 b4
28. axb4 axb4 29. cxb4 Rxb4 30. h3 Re4 31. g5 Rcc4 32. Rdf1 Kf8 33. Kg2 Ke7 34.
Kg3 Kd7 35. Ra1 Ra4 36. Rxa4 Rxa4 37. Rc2 Rb4 38. h4 Rb3+ 39. Kg4 Re3 40. h5 d4
41. Rc4 d3 42. hxg6 hxg6 43. b4 Ke7 44. Rd4 Ke8 45. b5 d2 1/2-1/2

[Event "Mercredi 2013.02.20 ABCD"]
[Site "Montreal"]
[Date "2013.03.13"]
[Round "4"]
[White "Rondon, Luciano"]
[Black "Gilniat, Goeffrey"]
[Result "0-1"]
[WhiteElo "1930"]
[BlackElo "1966"]
[PlyCount "98"]
[EventDate "2013.02.20"]
[EventRounds "5"]
[EventCountry "CAN"]
[SourceDate "2005.09.12"]

1. d4 Nf6 2. c4 e5 3. dxe5 Ng4 4. Nf3 Nc6 5. Bf4 Bb4+ 6. Nbd2 Qe7 7. a3 Ngxe5
8. Nxe5 Nxe5 9. e3 Bxd2+ 10. Qxd2 d6 11. c5 dxc5 12. Qc3 f6 13. Rc1 b6 14. Bxe5
Qxe5 15. Bb5+ Bd7 16. Qb3 Bxb5 17. Qxb5+ Ke7 18. O-O Rhd8 19. Rcd1 Rxd1 20.
Rxd1 Rd8 21. Rxd8 Kxd8 22. h3 a5 23. Qd3+ Kc8 24. Qxh7 f5 25. Qg8+ Kb7 26. a4
Qxb2 27. Qd5+ Ka7 28. Qxf5 Qa1+ 29. Kh2 Qxa4 30. e4 c4 31. Qf7 Qc6 32. e5 c3
33. e6 c2 34. e7 Qd6+ 35. f4 c1=Q 36. e8=Q Qcxf4+ 37. Qxf4 Qxf4+ 38. Kg1 g5 39.
Qe7 Qc1+ 40. Kh2 a4 41. h4 Qf4+ 42. g3 Qf2+ 43. Kh3 Qf5+ 44. Kh2 Qc2+ 45. Kh3
gxh4 46. gxh4 Qc3+ 47. Kg4 a3 48. Qf7 Qc2 49. h5 a2 0-1

[Event "Mercredi 2013.02.20 ABCD"]
[Site "Montreal"]
[Date "2013.03.20"]
[Round "5"]
[White "Lopez Linares, Lizandro"]
[Black "Rondon, Luciano"]
[Result "1/2-1/2"]
[WhiteElo "2015"]
[BlackElo "1930"]
[PlyCount "40"]
[EventDate "2013.02.20"]
[EventRounds "5"]
[EventCountry "CAN"]
[SourceDate "2005.09.12"]

1. d4 d5 2. c4 e6 3. Nc3 Nf6 4. Bg5 Be7 5. e3 h6 6. Bh4 O-O 7. Nf3 b6 8. cxd5
Nxd5 9. Bxe7 Qxe7 10. Nxd5 exd5 11. Qa4 c5 12. Qa3 Be6 13. Rc1 Rc8 14. Bb5 Qb7
15. dxc5 bxc5 16. Be2 Nd7 17. O-O a5 18. Rc2 Qb4 19. Qd3 Nf6 20. Rfc1 c4
1/2-1/2

[Event "Mercredi 2013.02.20 ABCD"]
[Site "Montreal"]
[Date "2013.03.20"]
[Round "5"]
[White "Gilniat, Goeffrey"]
[Black "Cloutier, Mathieu"]
[Result "1-0"]
[WhiteElo "1966"]
[BlackElo "2021"]
[PlyCount "47"]
[EventDate "2013.02.20"]
[EventRounds "5"]
[EventCountry "CAN"]
[SourceDate "2005.09.12"]

1. e4 c5 2. Nc3 Nc6 3. f4 g6 4. Nf3 Bg7 5. Bc4 e6 6. d3 Nge7 7. O-O d5 8. Bb3
O-O 9. Qe1 b6 10. Qh4 dxe4 11. dxe4 Ba6 12. Rd1 Qc7 13. Bxe6 fxe6 14. Ng5 h6
15. Nxe6 Qb7 16. Nxg7 Kxg7 17. f5 Nxf5 18. exf5 Rxf5 19. Qxh6+ Kf7 20. Qh7+ Kf6
21. Rd6+ Ke5 22. Bf4+ Kxf4 23. Qxg6 Rf7 24. g3+ 1-0

[Event "Mercredi 2013.02.20 ABCD"]
[Site "Montreal"]
[Date "2013.03.20"]
[Round "5"]
[White "Dumouchel, Alain"]
[Black "Weston, Paul"]
[Result "1-0"]
[WhiteElo "1975"]
[BlackElo "2020"]
[PlyCount "95"]
[EventDate "2013.02.20"]
[EventRounds "5"]
[EventCountry "CAN"]
[SourceDate "2005.09.12"]

1. e4 c5 2. Nf3 Nc6 3. d4 cxd4 4. Nxd4 g6 5. Nxc6 bxc6 6. Qd4 Nf6 7. Be2 Bg7 8.
Nc3 O-O 9. Qd3 d5 10. O-O a5 11. Rd1 Ba6 12. Qf3 Bxe2 13. Qxe2 e6 14. Bg5 Qb6
15. Rab1 Nd7 16. h4 d4 17. b3 h6 18. Bc1 Nc5 19. Ba3 Rfd8 20. Qc4 dxc3 21. Bxc5
Qb5 22. Rd6 Rxd6 23. Bxd6 Rd8 24. e5 Qxc4 25. bxc4 f6 26. f4 g5 27. g3 gxf4 28.
gxf4 fxe5 29. fxe5 h5 30. Rb6 Rc8 31. Ra6 Bh6 32. Kf2 Bd2 33. Rxa5 Kf7 34. Ra7+
Kg6 35. a4 Kf5 36. Kf3 Rg8 37. Rf7+ Kg6 38. Rf6+ Kh7 39. Rf7+ Kg6 40. Rf8 Rg7
41. Bb8 Rb7 42. a5 Rb1 43. a6 Rf1+ 44. Kg2 Rxf8 45. a7 Be3 46. a8=Q Rf2+ 47.
Kg3 Rxc2 48. Bd6 1-0

[Event "Mercredi 2013.02.20 ABCD"]
[Site "Montreal"]
[Date "2013.02.20"]
[Round "1"]
[White "Ostaci, Liviu"]
[Black "Millette, Sylvain"]
[Result "0-1"]
[WhiteElo "1841"]
[BlackElo "1764"]
[PlyCount "44"]
[EventDate "2013.02.20"]
[EventRounds "5"]
[EventCountry "CAN"]
[SourceDate "2005.09.12"]

1. d4 Nf6 2. e3 g6 3. Bd3 Bg7 4. Nf3 d5 5. O-O O-O 6. Nbd2 c5 7. c3 cxd4 8.
exd4 b6 9. Re1 Nc6 10. Nf1 Qc7 11. Bg5 Re8 12. Ne3 Qd6 13. Bh4 Ng4 14. Bb5 a6
15. Bxc6 Qxc6 16. Qb3 Nxe3 17. Rxe3 f6 18. Rae1 Ra7 19. Bg3 e6 20. a3 Rae7 21.
Qb4 Bd7 22. Bd6 a5 0-1

[Event "Mercredi 2013.02.20 ABCD"]
[Site "Montreal"]
[Date "2013.02.20"]
[Round "1"]
[White "Nardone, Raul"]
[Black "Heredia, Jose"]
[Result "1/2-1/2"]
[WhiteElo "1875"]
[BlackElo "1828"]
[PlyCount "131"]
[EventDate "2013.02.20"]
[EventRounds "5"]
[EventCountry "CAN"]
[SourceDate "2005.09.12"]

1. d4 d5 2. Nf3 Nf6 3. Bg5 e6 4. Nbd2 Be7 5. e3 Nbd7 6. Bd3 b6 7. O-O Bb7 8. c3
c5 9. Qe2 c4 10. Bc2 O-O 11. Ne5 Nxe5 12. dxe5 Nd7 13. Bxe7 Qxe7 14. f4 f5 15.
Nf3 a6 16. Nd4 Nb8 17. Kh1 Nc6 18. g4 Nxd4 19. exd4 g6 20. gxf5 gxf5 21. Rg1+
Kh8 22. Rg5 Rg8 23. Rag1 Rxg5 24. fxg5 Rg8 25. Qe3 Bc6 26. Qf4 Qf7 27. Bd1 Be8
28. Rg3 Qe7 29. Kg2 b5 30. h4 b4 31. h5 bxc3 32. bxc3 Kg7 33. Kh3 Bf7 34. h6+
Kh8 35. Kh4 Bg6 36. Bh5 Rb8 37. Qc1 Qb7 38. Bf3 Qb1 39. Qa3 Qb2 40. Qxb2 Rxb2
41. Rg2 Rb1 42. Kg3 a5 43. a4 Be8 44. Kf4 Bg6 45. Ke3 Kg8 46. Kf4 Kf7 47. Rh2
Rb3 48. Rh1 Rxc3 49. Rb1 Rb3 50. Rc1 Rb4 51. Bd1 Ke7 52. Ke3 Be8 53. Kf4 Bg6
54. Ke3 Be8 55. Kf4 Bg6 56. Ke3 Rb1 57. Rxb1 f4+ 58. Kxf4 Bxb1 59. Bh5 c3 60.
Ke3 Kf8 61. Bg4 Bf5 62. Bh5 Ke7 63. g6 Kf8 64. g7+ Kg8 65. Be2 Bg6 66. Bg4
1/2-1/2

[Event "Mercredi 2013.02.20 ABCD"]
[Site "Montreal"]
[Date "2013.02.27"]
[Round "2"]
[White "Bergeron, Rene"]
[Black "Ostaci, Liviu"]
[Result "0-1"]
[WhiteElo "1764"]
[BlackElo "1841"]
[PlyCount "128"]
[EventDate "2013.02.20"]
[EventRounds "5"]
[EventCountry "CAN"]
[SourceDate "2005.09.12"]

1. c4 g6 2. Nc3 Bg7 3. Nf3 d6 4. d4 Nf6 5. g3 O-O 6. Bg2 c6 7. O-O Nbd7 8. e4
e5 9. d5 c5 10. Re1 a6 11. Rb1 Rb8 12. a3 Qc7 13. Bd2 b5 14. cxb5 axb5 15. Qc1
Ba6 16. Bh6 Rfc8 17. Bxg7 Kxg7 18. Qd2 b4 19. axb4 Rxb4 20. Qc2 Rcb8 21. Nd2
Bc8 22. Na2 R4b7 23. b4 cxb4 24. Qxc7 Rxc7 25. Nxb4 Rcb7 26. Nc6 Rxb1 27. Rxb1
Rxb1+ 28. Nxb1 Nc5 29. Nc3 Ba6 30. f4 Nfd7 31. Bh3 f6 32. Kg2 exf4 33. gxf4 g5
34. fxg5 fxg5 35. Ne7 Kf6 36. Nc6 Ne5 37. Bf5 h6 38. Kg3 h5 39. h3 Bd3 40. Nb4
Bc4 41. Kf2 Ned3+ 42. Nxd3 Nxd3+ 43. Ke3 Ke5 44. Bg6 h4 45. Kf3 Nf4 46. Bf5
Nxd5 47. Nd1 Nf6 48. Ne3 Bd3 49. Ng4+ Nxg4 50. hxg4 Bc2 51. Ke3 Bb1 52. Kf3 Kd4
53. Bg6 Bc2 54. Bf5 Bd3 55. Bg6 Bb1 56. Bf5 Bc2 57. Bg6 Bd1+ 58. Kf2 Bxg4 59.
Kg2 Bd7 60. Kf3 g4+ 61. Kf4 g3 62. Kf3 Bc6 63. Ke2 Bxe4 64. Be8 h3 0-1

[Event "Mercredi 2013.02.20 ABCD"]
[Site "Montreal"]
[Date "2013.02.27"]
[Round "2"]
[White "Heredia, Jose"]
[Black "Millette, Sylvain"]
[Result "0-1"]
[WhiteElo "1828"]
[BlackElo "1764"]
[PlyCount "114"]
[EventDate "2013.02.20"]
[EventRounds "5"]
[EventCountry "CAN"]
[SourceDate "2005.09.12"]

1. c4 Nf6 2. Nc3 d5 3. cxd5 Nxd5 4. g3 g6 5. Bg2 c6 6. Qb3 Nxc3 7. Qxc3 f6 8.
Nf3 Qd5 9. O-O Bg7 10. b3 e5 11. d3 O-O 12. Bb2 Qd6 13. Nd2 Be6 14. a4 Rd8 15.
Nc4 Bxc4 16. bxc4 Na6 17. Ba3 Qd7 18. a5 Bf8 19. Bxf8 Kxf8 20. Rfb1 Rab8 21.
Qc1 Qd6 22. Qe3 Qd4 23. Qxd4 Rxd4 24. Rb2 Rd6 25. Rab1 Nc5 26. Rb4 Ke7 27. h4
Kd8 28. f4 Ke7 29. fxe5 fxe5 30. Be4 Ke6 31. Kg2 Kd7 32. Rf1 Ke7 33. Bf3 Rf6
34. g4 Kd6 35. Rbb1 Kc7 36. Kg3 Rbf8 37. Rfd1 Ne6 38. Be4 Nd4 39. Rb2 Rf1 40.
Rxf1 Rxf1 41. e3 Ne6 42. Rf2 Rxf2 43. Kxf2 Nc5 44. Kf3 Nb3 45. Bxg6 hxg6 46. h5
gxh5 47. gxh5 Nc5 48. h6 Ne6 49. Ke4 b6 50. Kxe5 Ng5 51. a6 b5 52. Kd4 Kb6 53.
cxb5 cxb5 54. e4 Kxa6 55. Kc3 Kb6 56. d4 Nxe4+ 57. Kb4 a5+ 0-1

[Event "Mercredi 2013.02.20 ABCD"]
[Site "Montreal"]
[Date "2013.03.06"]
[Round "3"]
[White "Ostaci, Liviu"]
[Black "Nardone, Raul"]
[Result "1-0"]
[WhiteElo "1841"]
[BlackElo "1875"]
[PlyCount "107"]
[EventDate "2013.02.20"]
[EventRounds "5"]
[EventCountry "CAN"]
[SourceDate "2005.09.12"]

1. d4 e6 2. e4 d5 3. e5 c5 4. Nf3 cxd4 5. Bd3 Nc6 6. O-O Qc7 7. Re1 Nge7 8. Qe2
Ng6 9. a3 Bd7 10. c3 dxc3 11. Nxc3 Rc8 12. Bd2 Qb8 13. Nb5 Be7 14. Nbd4 Nxd4
15. Nxd4 O-O 16. Nf3 Rfe8 17. g3 Ba4 18. Bc3 Bb3 19. h4 Bc4 20. h5 Nf8 21. Rad1
Qc7 22. Qe3 Bxd3 23. Rxd3 b5 24. Qf4 Qd8 25. Rd4 Nd7 26. h6 g6 27. Bb4 Nc5 28.
Rdd1 a5 29. Bc3 Nb3 30. Bd4 Nxd4 31. Rxd4 Rc2 32. Rd2 Rxd2 33. Qxd2 b4 34. a4
Qb6 35. Rc1 Rd8 36. Qf4 Rf8 37. Qd4 Qb7 38. Nh2 f6 39. Ng4 fxe5 40. Qxe5 Bd8
41. Qxe6+ Qf7 42. Qe5 Re8 43. Qd6 Qe6 44. Qxe6+ Rxe6 45. Rc8 Rd6 46. Nf6+ Rxf6
47. Rxd8+ Kf7 48. Rxd5 Rc6 49. Rxa5 Rc2 50. Ra7+ Kg8 51. Rg7+ Kh8 52. a5 Rxb2
53. a6 Ra2 54. a7 1-0

[Event "Mercredi 2013.02.20 ABCD"]
[Site "Montreal"]
[Date "2013.03.06"]
[Round "3"]
[White "Millette, Sylvain"]
[Black "Bergeron, Rene"]
[Result "1-0"]
[WhiteElo "1764"]
[BlackElo "1764"]
[PlyCount "121"]
[EventDate "2013.02.20"]
[EventRounds "5"]
[EventCountry "CAN"]
[SourceDate "2005.09.12"]

1. Nf3 d5 2. g3 Nc6 3. d4 Bg4 4. Bg2 Qd7 5. Ne5 Nxe5 6. dxe5 O-O-O 7. Qd4 Kb8
8. Be3 b6 9. Nc3 c6 10. O-O-O Bh3 11. Bf3 e6 12. Bg5 Be7 13. Bxe7 Qxe7 14. e3
Bf5 15. e4 Qg5+ 16. Qd2 Qxd2+ 17. Rxd2 Bg6 18. exd5 exd5 19. Bg2 Ne7 20. f4 Nf5
21. g4 Ne3 22. f5 Bxf5 23. gxf5 Nxf5 24. Bh3 Ne3 25. Rf2 Rhf8 26. b3 Rde8 27.
e6 f5 28. Nd1 d4 29. Nxe3 dxe3 30. Rxf5 Rxf5 31. Bxf5 g6 32. Bh3 Rf8 33. Re1
Kc7 34. e7 Re8 35. Rxe3 Kd6 36. Kd2 Rxe7 37. Rxe7 Kxe7 38. Ke3 Kf6 39. Ke4 g5
40. Bd7 c5 41. h3 h5 42. c4 a6 43. Kd5 Ke7 44. Bc8 Kd8 45. Bxa6 Kc7 46. Bb5 g4
47. hxg4 hxg4 48. Ke4 Kd6 49. Kf4 g3 50. Kxg3 Ke5 51. Kg4 Ke4 52. Kg5 Ke5 53.
a3 Kd4 54. Kf5 Kc3 55. Ba4 Kb2 56. b4 Kxa3 57. bxc5 bxc5 58. Bb5 Kb4 59. Ke6
Ka5 60. Kd5 Kb6 61. Be8 1-0

[Event "Mercredi 2013.02.20 ABCD"]
[Site "Montreal"]
[Date "2013.03.13"]
[Round "4"]
[White "Heredia, Jose"]
[Black "Bergeron, Rene"]
[Result "0-1"]
[WhiteElo "1828"]
[BlackElo "1764"]
[PlyCount "44"]
[EventDate "2013.02.20"]
[EventRounds "5"]
[EventCountry "CAN"]
[SourceDate "2005.09.12"]

1. e4 d5 2. exd5 Qxd5 3. Nc3 Qd6 4. Bc4 Nf6 5. d3 c6 6. h3 e5 7. Nf3 Be6 8. Bb3
Na6 9. Qe2 Bxb3 10. axb3 Nd7 11. Bf4 f6 12. d4 O-O-O 13. dxe5 fxe5 14. Bg3 Re8
15. O-O Qg6 16. Rxa6 bxa6 17. Qxa6+ Kb8 18. Rd1 Qe6 19. Nxe5 Nxe5 20. Bxe5+
Qxe5 21. Rd7 Qe1+ 22. Kh2 Bd6+ 0-1

[Event "Mercredi 2013.02.20 ABCD"]
[Site "Montreal"]
[Date "2013.03.13"]
[Round "4"]
[White "Nardone, Raul"]
[Black "Millette, Sylvain"]
[Result "1-0"]
[WhiteElo "1875"]
[BlackElo "1764"]
[PlyCount "51"]
[EventDate "2013.02.20"]
[EventRounds "5"]
[EventCountry "CAN"]
[SourceDate "2005.09.12"]

1. d4 Nf6 2. Nf3 g6 3. Bg5 d5 4. Bxf6 exf6 5. Nbd2 Be6 6. e4 Bg7 7. exd5 Bxd5
8. c4 Qe7+ 9. Be2 Bxf3 10. Nxf3 Qb4+ 11. Qd2 Qxd2+ 12. Kxd2 Nd7 13. b4 O-O 14.
Bd3 a5 15. a3 axb4 16. axb4 Rfe8 17. Rhe1 Bf8 18. c5 Rxe1 19. Rxa8 Re7 20. Ra7
f5 21. Rxb7 Nf6 22. Bc4 Ne4+ 23. Kc2 Kg7 24. Ne5 f6 25. Nc6 Rd7 26. Be6 1-0

[Event "Mercredi 2013.02.20 ABCD"]
[Site "Montreal"]
[Date "2013.03.20"]
[Round "5"]
[White "Ostaci, Liviu"]
[Black "Heredia, Jose"]
[Result "1/2-1/2"]
[WhiteElo "1841"]
[BlackElo "1828"]
[PlyCount "86"]
[EventDate "2013.02.20"]
[EventRounds "5"]
[EventCountry "CAN"]
[SourceDate "2005.09.12"]

1. d4 d5 2. Nf3 Nf6 3. e3 e6 4. Bd3 c5 5. c3 Nc6 6. O-O Be7 7. Nbd2 b6 8. Bb5
Bb7 9. Ne5 Qc7 10. Bxc6+ Bxc6 11. f4 cxd4 12. exd4 O-O 13. Rf3 Nd7 14. Nf1 Nxe5
15. fxe5 f6 16. Bf4 fxe5 17. Bxe5 Bd6 18. Re3 Rf7 19. Qg4 Bd7 20. Ng3 Bxe5 21.
Rxe5 Qc4 22. Qe2 Qxe2 23. Rxe2 Raf8 24. Rf1 Rxf1+ 25. Nxf1 Bb5 26. Rf2 Rxf2 27.
Kxf2 Bxf1 28. Kxf1 Kf7 29. Ke2 Kf6 30. Ke3 Kf5 31. Kf3 h5 32. b3 b5 33. Ke3 Kg4
34. Ke2 h4 35. Ke3 g5 36. Ke2 Kf4 37. Kf2 g4 38. g3+ hxg3+ 39. hxg3+ Kg5 40.
Ke3 Kf5 41. Kd3 a5 42. Ke3 Kg5 43. Kd3 Kf5 1/2-1/2

[Event "Mercredi 2013.02.20 ABCD"]
[Site "Montreal"]
[Date "2013.03.20"]
[Round "5"]
[White "Bergeron, Rene"]
[Black "Nardone, Raul"]
[Result "0-1"]
[WhiteElo "1764"]
[BlackElo "1875"]
[PlyCount "70"]
[EventDate "2013.02.20"]
[EventRounds "5"]
[EventCountry "CAN"]
[SourceDate "2005.09.12"]

1. c4 Nf6 2. Nc3 g6 3. Nf3 c5 4. g3 Bg7 5. Bg2 O-O 6. Rb1 Nc6 7. a3 d6 8. b4
cxb4 9. axb4 Bg4 10. O-O Qc8 11. Re1 Bxf3 12. Bxf3 Ne5 13. d3 Nxf3+ 14. exf3 e6
15. Be3 Qd7 16. Qb3 Rfd8 17. Ne4 d5 18. Nc5 Qe7 19. Na4 d4 20. Bg5 h6 21. Bd2
b6 22. Nb2 Qb7 23. Qd1 Nd7 24. f4 h5 25. Qe2 Nf6 26. h3 Rac8 27. Rec1 Rd7 28.
Kh2 Re8 29. Rg1 e5 30. f5 e4 31. fxg6 exd3 32. Qxd3 Ne4 33. Be1 Ng5 34. g4 Nf3+
35. Kg3 Be5+ 0-1